01445nam a2200337 a 4500001001200000003000800012006001900020007001500039008004100054010001700095020003900112020002700151040002100178035002100199043001200220050002700232082001900259100002600278245014600304260004900450300002900499504005100528533015200579610006300731650005400794650006800848655002900916710001700945856012600962999001901088ebr10460271CaPaEBRm u cr cn|||||||||100811s2011 nyuab sb 001 0 eng d z 2010032685 z9780823233106 (cloth : alk. paper) z9780823233120 (e-book) aCaPaEBRcCaPaEBR a(OCoLC)726826644 an-us-nj14aLD7501.N6bM336 2011eb04a373.749/322221 aMcCabe, Thomas Allan.10aMiracle on High Streeth[electronic resource] :bthe rise, fall, and resurrection of St. Benedict's Prep in Newark, N.J. /cThomas A. McCabe. aNew York :bFordham University Press,c2011. axi, 322 p. :bill., map. aIncludes bibliographical references and index. aElectronic reproduction.bPalo Alto, Calif. :cebrary,d2013.nAvailable via World Wide Web.nAccess may be limited to ebrary affiliated libraries.20aSt. Benedict's Preparatory School (Newark, N.J.)xHistory. 0aPreparatory schoolszNew JerseyzNewarkxHistory. 0aMinoritiesxEducation (Secondary)zNew JerseyzNewarkxHistory. 7aElectronic books.2local2 aebrary, Inc.40uhttp://site.ebrary.com/lib/rucke/Doc?id=10460271zAn electronic book accessible through the World Wide Web; click to view c126277d126277